00607nam a2200145 a 450000100100000000500170001000800410002704000250006808200140009310000240010724500900013126001260022130000220034771000920036900002986820200930055852.0110426s1996 dr 000 0 spa d aDO-SdBNPbspacBNPHU axxxbR4571 aReyes, Carmen Julia10aMetodología de la actividad construcción del nuevo sistema de cuentas nacionales. aSanto Domingo :bBanco Central de la República Dominicana :bPrograma de las Naciones Unidas para el Desarrollo,c1996. a[22 p.] ;c29 cm.10aSeminario regional sobre la implementación del sistema de cuentas nacionales, (1993).